| 000 | 00842nas a2200289 4500 | ||
|---|---|---|---|
| 001 | BR2011005057 | ||
| 003 | BR-BrBNA | ||
| 005 | 20231205115551.0 | ||
| 007 | ta | ||
| 008 | 230509b bl.|||p| |||| 00| 00por d | ||
| 040 |
_aBR-BrBNA _bpor _cBiblioteca Nacional de Agricultura |
||
| 041 | _a(En) | ||
| 072 | _aF30 | ||
| 100 | 1 | _aVasconcelos, E.S. de | |
| 100 | 1 | _aReis, M.S. | |
| 100 | 1 | _aCruz, C.D. | |
| 100 | 1 | _aSediyama, T. | |
| 100 | 1 | _aScapim, C.A. | |
| 245 | 1 | _aIntegrated method for adaptability and phenotypec stability analysis | |
| 650 | _aGENÓTIPO | ||
| 650 | _aACLIMATAÇÃO | ||
| 650 | _aSOJA | ||
| 650 | _aPRODUTIVIDADE | ||
| 773 | 0 |
_tActa Scientiarum. Agronomy (Brazil) _xISSN 1679-9275 _g(Apr-Jun 2011), v. 33(2) p. 251-257 _wBR2011005057 |
|
| 909 |
_a202311 _bLúcia _c55 _dLúcia Elande |
||
| 942 |
_2AGRIS _n0 _cANA |
||
| 999 |
_c214494 _d214494 |
||